000 01463nam a22002297a 4500
999 _c59048
_d59048
003 Ge_BSU
005 20221111114152.0
008 221111s2022ge xxu||||| |||| 00| 0 geo d
020 _a9789941183850
041 _ageo
080 _a327(55) ს-26
100 _aსანიკიძე, გიორგი.
_93936
245 _aირანი და სამხრეთ კავკასიის ქვეყნები : განსხვავებული რეალობები, განსხვავებული შესაძლებლობები =
_b Iran and the South Caucasian Countries : Different Realities, Different Opportunities /
_cგიორგი სანიკიძე ; რედ. ნიკოლოზ ნახუცრიშვილი.
264 _aთბილისი :
_bილიას სახელმწ. უნივერსიტეტის გამომცემლობა,
_c2022.
300 _a308 გვ. ;
_b25 სმ.
504 _aბიბლიოგრაფია ტექსტის შენიშვნებში და გვ. 272-308.
520 _aრეზიუმე ინგლისურ ენაზე
653 _aირანის საგარეო პოლიტიკა.
700 _aნახუცრიშვილი, ნიკოლოზ
_eრედაქტორი
_93951
773 _tნაჩუქარი
942 _2udc
_cBK